Sports Unscramble - Statistics

General Stats
  • This quiz has been taken 127 times
  • The average score is 11 of 15
Answer Stats
Answer % Correct
golf
94%
soccer
89%
basketball
87%
rugby
87%
volleyball
87%
baseball
84%
hockey
83%
tennis
83%
cricket
81%
fencing
71%
bowling
70%
badminton
68%
archery
46%
table tennis
38%
horse racing
19%
No matching quizzes found
Score Distribution
Percent of People with Each Score
Percentile by Number Answered
Your Score History
You have not taken this quiz